[Event "12sen.WM-H Naumburg"]
[Site "Naumburg/Saale(20.10.-03.11.)"]
[Date "2002.10.23"]
[Round "3"]
[White "Suchsland, Helmut_Dr"]
[Black "Rychlik, Kurt"]
[Result "0-1"]
[WhiteElo "1786"]
[BlackElo "2078"]
[PlyCount "64"]
[EventDate "2002.11.??"]

1. e4 g6 2. d4 Bg7 3. Nc3 c5 4. Nf3 cxd4 5. Nxd4 Nc6 6. Be3 d6 7. Be2 Nf6 8.
O-O h5 9. h3 Bd7 10. f4 Qc8 11. f5 Nxd4 12. Bxd4 gxf5 13. exf5 Bxf5 14. Bb5+
Bd7 15. Qe2 Kf8 16. Rae1 e5 17. Be3 a6 18. Bxd7 Qxd7 19. Bg5 Nh7 20. Bh4 d5 21.
Rd1 d4 22. Ne4 Kg8 23. Rf3 b5 24. Rdf1 Rf8 25. Rf5 f6 26. Bxf6 Nxf6 27. Nxf6+
Rxf6 28. Rxf6 Bxf6 29. Rxf6 Qe7 30. Qf3 Kg7 31. Qc6 Qxf6 32. Qd7+ Kh6 0-1

[Event "12sen.WM-H Naumburg"]
[Site "Naumburg/Saale(20.10.-03.11.)"]
[Date "2002.10.23"]
[Round "3"]
[White "Theuermeister, Peter"]
[Black "Braune, Herbert"]
[Result "1-0"]
[WhiteElo "1728"]
[BlackElo "1556"]
[PlyCount "77"]
[EventDate "2002.11.??"]

1. d4 Nf6 2. Nf3 g6 3. c4 Bg7 4. Nc3 O-O 5. Bg5 h6 6. Bf4 d6 7. e4 Nbd7 8. Be2
Re8 9. Qd2 Kh7 10. O-O-O c5 11. d5 a6 12. h3 Qa5 13. a3 b5 14. cxb5 axb5 15.
Nxb5 Qb6 16. Nc3 Ba6 17. Bxa6 Rxa6 18. Qc2 Rb8 19. e5 Nxe5 20. Nxe5 dxe5 21.
Bxe5 Rb7 22. d6 exd6 23. Rxd6 Qa7 24. Rxa6 Qxa6 25. Rd1 Qe6 26. f4 Rd7 27. Rxd7
Nxd7 28. Bxg7 Kxg7 29. Qe4 Qxe4 30. Nxe4 f5 31. Nd2 Nb6 32. Kc2 Kf6 33. Kd3 Ke6
34. Nc4 Nd5 35. g3 g5 36. fxg5 hxg5 37. h4 gxh4 38. gxh4 f4 39. Ke4 1-0

[Event "12sen.WM-H Naumburg"]
[Site "Naumburg/Saale(20.10.-03.11.)"]
[Date "2002.10.23"]
[Round "3"]
[White "Till, Heinz"]
[Black "Nopp, Josef"]
[Result "0-1"]
[WhiteElo "1389"]
[BlackElo "1579"]
[PlyCount "82"]
[EventDate "2002.11.??"]

1. e4 Nf6 2. Nc3 d5 3. e5 Nfd7 4. d4 e6 5. Nf3 c5 6. Bb5 cxd4 7. Nxd4 a6 8.
Bxd7+ Nxd7 9. Bf4 g6 10. O-O Bg7 11. Nf3 O-O 12. Re1 b5 13. b4 Qc7 14. Qd2 Bb7
15. Qd4 Rfc8 16. Re3 Nb6 17. Rc1 Nc4 18. Re2 Bf8 19. a3 Nxa3 20. Nd1 Qd8 21.
Bg5 Be7 22. Ne3 Bxg5 23. h4 Bxe3 24. Qxe3 Nc4 25. Qh6 Qf8 26. Qxf8+ Rxf8 27.
Nd4 Rac8 28. g3 Rc7 29. c3 Nb6 30. f4 Rfc8 31. Re3 Na4 32. h5 Rxc3 33. Rexc3
Rxc3 34. Rxc3 Nxc3 35. hxg6 hxg6 36. Nb3 Na2 37. Nc5 Bc8 38. Nd3 d4 39. Kf2 Kf8
40. Ke2 Nc3+ 41. Kd2 Ne4+ 0-1

[Event "12sen.WM-H Naumburg"]
[Site "Naumburg/Saale(20.10.-03.11.)"]
[Date "2002.10.23"]
[Round "3"]
[White "Uhlmann, Wolfgang"]
[Black "Gruzmann, Boris"]
[Result "1/2-1/2"]
[WhiteElo "2440"]
[BlackElo "2265"]
[PlyCount "72"]
[EventDate "2002.11.??"]

1. c4 e5 2. Nc3 Nc6 3. Nf3 g6 4. d4 exd4 5. Nxd4 Bg7 6. Nxc6 bxc6 7. g3 Nh6 8.
h4 f6 9. Bg2 Nf7 10. Bf4 O-O 11. Qc2 Ne5 12. h5 f5 13. hxg6 Nxg6 14. O-O-O Nxf4
15. gxf4 Qf6 16. Rh3 Rb8 17. Rg1 Qd4 18. Bf1 Qxf2 19. Rhg3 Rf7 20. Qd2 Kf8 21.
Nd1 Qd4 22. Qxd4 Bxd4 23. Rg8+ Ke7 24. e3 Bf6 25. Bd3 Rf8 26. Rxf8 Kxf8 27.
Bxf5 h6 28. b3 a5 29. Nf2 a4 30. Ne4 Bg7 31. Kc2 axb3+ 32. axb3 Ra8 33. Nc5 d6
34. Bxc8 dxc5 35. Bg4 Re8 36. Kd3 Rxe3+ 1/2-1/2

[Event "12sen.WM-H Naumburg"]
[Site "Naumburg/Saale(20.10.-03.11.)"]
[Date "2002.10.23"]
[Round "3"]
[White "Unzicker, Wolfgang"]
[Black "Kristiansen, Erling"]
[Result "1/2-1/2"]
[WhiteElo "2432"]
[BlackElo "2257"]
[PlyCount "38"]
[EventDate "2002.11.??"]

1. e4 e5 2. Nf3 Nc6 3. Bb5 a6 4. Ba4 Nf6 5. O-O Be7 6. Qe2 b5 7. Bb3 O-O 8. c3
d5 9. d3 Qd6 10. Bg5 Be6 11. Nbd2 Rfd8 12. Rfd1 h6 13. Bh4 Nh5 14. Bxe7 Qxe7
15. g3 Nf6 16. a4 b4 17. Re1 bxc3 18. bxc3 dxe4 19. dxe4 Na5 1/2-1/2

[Event "12sen.WM-H Naumburg"]
[Site "Naumburg/Saale(20.10.-03.11.)"]
[Date "2002.10.23"]
[Round "3"]
[White "Vogel, Alfred[37Soemm]"]
[Black "Villing, Dieter"]
[Result "1-0"]
[WhiteElo "1916"]
[BlackElo "2183"]
[PlyCount "80"]
[EventDate "2002.11.??"]

1. e4 c5 2. Nc3 e6 3. g3 Nc6 4. Bg2 Nge7 5. d3 g6 6. Be3 d6 7. Qd2 Nd4 8. Nce2
Rb8 9. c3 Ndc6 10. f4 Bg7 11. Nf3 b6 12. O-O O-O 13. Rad1 Qc7 14. Nh4 f5 15.
Nf3 Bd7 16. Bh3 h6 17. g4 Kh7 18. Qe1 Rbe8 19. Qh4 Qd8 20. Bc1 Nc8 21. gxf5
exf5 22. Qxd8 Nxd8 23. Ng3 Ne7 24. d4 Bb5 25. Rfe1 Nb7 26. e5 dxe5 27. fxe5 g5
28. Bg2 Bc6 29. d5 Nxd5 30. Nxg5+ hxg5 31. Bxd5 Bxd5 32. Rxd5 f4 33. Ne4 Kg6
34. Rd7 Na5 35. Nxg5 Kxg5 36. Rxg7+ Kf5 37. Rxa7 Rxe5 38. Rxe5+ Kxe5 39. Re7+
Kd5 40. Kf2 c4 1-0

[Event "12sen.WM-H Naumburg"]
[Site "Naumburg/Saale(20.10.-03.11.)"]
[Date "2002.10.23"]
[Round "3"]
[White "Vucenovic, Dragomir"]
[Black "Barnstedt, Dietrich"]
[Result "1/2-1/2"]
[WhiteElo "2279"]
[BlackElo "2035"]
[PlyCount "94"]
[EventDate "2002.11.??"]

1. d4 d5 2. g3 Nf6 3. Bg2 e6 4. Nf3 c5 5. O-O Nc6 6. b3 cxd4 7. Nxd4 Be7 8. Bb2
O-O 9. Nd2 Bd7 10. N2f3 Rc8 11. Rc1 Qb6 12. Nxc6 Bxc6 13. Ne5 Rfd8 14. Nxc6
Rxc6 15. e3 Qa5 16. a3 Ne4 17. Bxe4 dxe4 18. Qg4 Bf8 19. Qxe4 Rd2 20. Bd4 f5
21. Qf3 Qxa3 22. Ra1 Qd6 23. c4 a6 24. Rfd1 Rxd1+ 25. Rxd1 Qb4 26. e4 fxe4 27.
Qg4 Rd6 28. Qxe4 Qxb3 29. Rc1 Rc6 30. h4 Qa3 31. Rb1 Qe7 32. c5 Qf7 33. Qe5 Qc7
34. Qe4 Bxc5 35. Bxc5 Rxc5 36. Rxb7 Qc6 37. Rb8+ Kf7 38. Rb7+ Kf6 39. Qd4+ Re5
40. Rxg7 Kxg7 41. Qxe5+ Kf7 42. Qh5+ Kg7 43. Qg5+ Kf7 44. Qf4+ Kg7 45. g4 Qd5
46. g5 a5 47. Qf6+ Kg8 1/2-1/2

[Event "12sen.WM-H Naumburg"]
[Site "Naumburg/Saale(20.10.-03.11.)"]
[Date "2002.10.23"]
[Round "3"]
[White "Weber, Siegfried[27Fech]"]
[Black "Klempt, Guenter"]
[Result "1/2-1/2"]
[WhiteElo "1588"]
[BlackElo "2069"]
[PlyCount "86"]
[EventDate "2002.11.??"]

1. e4 c5 2. Nf3 Nc6 3. d4 cxd4 4. Nxd4 g6 5. Nc3 Bg7 6. Be3 Nf6 7. f3 O-O 8.
Qd2 d5 9. exd5 Nxd5 10. Nxd5 Qxd5 11. Nxc6 Qxc6 12. c3 Be6 13. Be2 Rfd8 14. Qc1
Bc4 15. Bxc4 Qxc4 16. Kf2 b6 17. Rd1 Qh4+ 18. Kg1 Be5 19. Rxd8+ Rxd8 20. f4 Bg7
21. Qc2 Qg4 22. h3 Qe6 23. Bf2 Qd5 24. Re1 e6 25. a3 Bh6 26. g3 Bf8 27. Re2 Qf3
28. Rd2 Rxd2 29. Qxd2 Bc5 30. Qd8+ Kg7 31. Bd4+ Bxd4+ 32. Qxd4+ Kf8 33. Qd8+
Kg7 34. Qd4+ Kh6 35. Qf2 Qe4 36. Qd2 f5 37. Kh2 Qf3 38. Qg2 Qe3 39. Qf1 Kg7 40.
Kg2 e5 41. fxe5 Qxe5 42. Qf4 Qd5+ 43. Qf3 Qe5 1/2-1/2

[Event "12sen.WM-H Naumburg"]
[Site "Naumburg/Saale(20.10.-03.11.)"]
[Date "2002.10.23"]
[Round "3"]
[White "Weigel, Helmut"]
[Black "Kuehn, Peter"]
[Result "0-1"]
[WhiteElo "1581"]
[BlackElo "2008"]
[PlyCount "66"]
[EventDate "2002.11.??"]

1. d4 f5 2. c4 e6 3. Nc3 Nf6 4. Bg5 Be7 5. Nf3 O-O 6. e3 b6 7. Be2 Bb7 8. Qc2
d6 9. O-O Qe8 10. Rad1 Qg6 11. Bxf6 Bxf6 12. d5 e5 13. g3 Na6 14. Ne1 Bc8 15.
Ng2 Bd7 16. Rc1 Qh6 17. f4 g5 18. a3 Rae8 19. Rf2 exf4 20. exf4 Bd4 21. Bf1 Nc5
22. Kh1 Bxf2 23. Qxf2 Ne4 24. Qf3 g4 25. Qe3 Rf7 26. Kg1 Rfe7 27. Re1 Qf6 28.
Nd1 Nc5 29. Qf2 Nb3 30. Nge3 Nd4 31. Bg2 Ba4 32. Nc3 Bb3 33. Kf1 Bxc4+ 0-1

[Event "12sen.WM-H Naumburg"]
[Site "Naumburg/Saale(20.10.-03.11.)"]
[Date "2002.10.23"]
[Round "3"]
[White "Werchan, Hans_Dr"]
[Black "Mosionzhik, Ilja"]
[Result "1-0"]
[WhiteElo "2121"]
[BlackElo "2253"]
[PlyCount "85"]
[EventDate "2002.11.??"]

1. Nf3 d5 2. c4 Nf6 3. g3 g6 4. Bg2 dxc4 5. Qa4+ c6 6. Qxc4 Bg7 7. O-O O-O 8.
d3 Nbd7 9. a4 a6 10. a5 Nd5 11. Nc3 N7f6 12. Bd2 Be6 13. Qh4 h5 14. Ng5 Bg4 15.
f3 Bc8 16. Rfd1 Nh7 17. Qc4 Nxg5 18. Bxg5 Be6 19. Qc5 Re8 20. e4 Nf4 21. d4
Nxg2 22. Kxg2 Qd7 23. Be3 Rad8 24. Rd2 f5 25. d5 cxd5 26. exd5 Bf7 27. Rad1 Be5
28. Qb4 Rc8 29. Na4 Rc7 30. Bb6 Bd6 31. Qd4 Rcc8 32. Nc5 Bxc5 33. Bxc5 e6 34.
dxe6 Qxe6 35. b4 Rcd8 36. Qxd8 Rxd8 37. Rxd8+ Kh7 38. R1d7 Qe2+ 39. Bf2 g5 40.
Rxf7+ Kg6 41. Rxb7 g4 42. Rd6+ Kg5 43. f4# 1-0

[Event "12sen.WM-H Naumburg"]
[Site "Naumburg/Saale(20.10.-03.11.)"]
[Date "2002.10.23"]
[Round "3"]
[White "Werl, Wolfgang"]
[Black "Franz, Siegfried"]
[Result "1/2-1/2"]
[WhiteElo "2088"]
[BlackElo "1794"]
[PlyCount "34"]
[EventDate "2002.11.??"]

1. d4 Nf6 2. Nc3 g6 3. e4 d6 4. Nf3 Bg7 5. Bg5 h6 6. Bxf6 Bxf6 7. Bd3 Nd7 8.
Nd5 Bg7 9. c3 c6 10. Ne3 e5 11. Nc4 Qe7 12. dxe5 dxe5 13. Bc2 O-O 14. O-O Rd8
15. Nd6 Nc5 16. Nxc8 Raxc8 17. Qe2 Rd6 1/2-1/2

[Event "12sen.WM-H Naumburg"]
[Site "Naumburg/Saale(20.10.-03.11.)"]
[Date "2002.10.23"]
[Round "3"]
[White "Will, Michael"]
[Black "Franke, Helmut"]
[Result "0-1"]
[WhiteElo "2077"]
[BlackElo "1759"]
[PlyCount "106"]
[EventDate "2002.11.??"]

1. c4 Nf6 2. Nc3 e6 3. e4 d6 4. d3 c5 5. Nf3 Nc6 6. Be2 Be7 7. O-O O-O 8. b3
Nd7 9. Bb2 f5 10. Nb5 a6 11. Na3 Bf6 12. Bxf6 Qxf6 13. Nc2 f4 14. d4 e5 15. d5
Nd4 16. Nfxd4 cxd4 17. f3 Qg5 18. Qd2 Rf6 19. g3 Nf8 20. Ne1 Rh6 21. Rf2 Rg6
22. g4 h5 23. h3 Nh7 24. Ng2 hxg4 25. fxg4 Qd8 26. Bf3 Ng5 27. Qe2 Nxh3+ 28.
Kf1 Nxf2 29. Kxf2 Rh6 30. Rg1 Bd7 31. Rc1 Qb6 32. Qd3 Kf7 33. b4 Rc8 34. Be2
Ba4 35. g5 Rhh8 36. Bg4 Rc7 37. Be6+ Ke7 38. Kf3 Bd7 39. Bxd7 Kxd7 40. Kg4 Qxb4
41. Nxf4 b5 42. Ne6 Rxc4 43. Rxc4 Qxc4 44. Qf3 Qc3 45. Qf7+ Kc8 46. Nf4 Qc7 47.
Qxc7+ Kxc7 48. Ne6+ Kd7 49. Nxg7 b4 50. Nf5 a5 51. g6 a4 52. Kg5 Rg8 53. Nh6
Rxg6+ 0-1

[Event "12sen.WM-H Naumburg"]
[Site "Naumburg/Saale(20.10.-03.11.)"]
[Date "2002.10.23"]
[Round "3"]
[White "Winiwarter, Felix_Dr"]
[Black "Mauersberger, Frank"]
[Result "1/2-1/2"]
[WhiteElo "2191"]
[BlackElo "1992"]
[PlyCount "61"]
[EventDate "2002.11.??"]

1. e4 e6 2. d4 d5 3. Nc3 Bb4 4. e5 c5 5. a3 Bxc3+ 6. bxc3 Qc7 7. Nf3 Ne7 8. Bd3
c4 9. Be2 Nbc6 10. O-O h6 11. Ne1 Bd7 12. f4 O-O-O 13. a4 b6 14. Ba3 Rde8 15.
g3 Na5 16. Ng2 Qd8 17. Ne3 Nf5 18. Nxf5 exf5 19. Bb4 Nc6 20. Bd6 Na5 21. Bf3
Bc6 22. Qd2 Qd7 23. Qg2 Qe6 24. g4 g6 25. Kh1 Nb7 26. Ba3 Kb8 27. gxf5 gxf5 28.
Rg1 h5 29. Bc1 Rh6 30. Qh3 h4 31. Be3 1/2-1/2

[Event "12sen.WM-H Naumburg"]
[Site "Naumburg/Saale(20.10.-03.11.)"]
[Date "2002.10.23"]
[Round "3"]
[White "Zhelesny, Stanislav"]
[Black "Petkevitch, Josef"]
[Result "0-1"]
[WhiteElo "2229"]
[BlackElo "2439"]
[PlyCount "47"]
[EventDate "2002.11.??"]

1. Nf3 Nf6 2. g3 g6 3. Bg2 Bg7 4. O-O O-O 5. d4 d6 6. c4 Nc6 7. Nc3 Bf5 8. d5
Na5 9. Nd4 Bd7 10. Qd3 c5 11. dxc6 Nxc6 12. Nxc6 Bxc6 13. e4 Nd7 14. Be3 Nc5
15. Qc2 a5 16. Rab1 e6 17. Rfd1 Qe7 18. Bd4 Bxd4 19. Rxd4 e5 20. Nd5 Bxd5 21.
Rxd5 Ne6 22. Qd2 Qc7 23. b3 Nd4 24. Qd3 0-1

[Event "12sen.WM-H Naumburg"]
[Site "Naumburg/Saale(20.10.-03.11.)"]
[Date "2002.10.23"]
[Round "3"]
[White "Zierott, Gert_ProfDr"]
[Black "Heyse, Juergen"]
[Result "1/2-1/2"]
[WhiteElo "1740"]
[BlackElo "1560"]
[PlyCount "32"]
[EventDate "2002.11.??"]

1. d4 d5 2. c4 c6 3. e3 Nf6 4. Nf3 Bf5 5. Nc3 e6 6. Bd3 Bxd3 7. Qxd3 Nbd7 8.
O-O Be7 9. cxd5 cxd5 10. Re1 O-O 11. Bd2 Rc8 12. Rac1 a6 13. e4 dxe4 14. Nxe4
Nxe4 15. Qxe4 Nb6 16. Bc3 Bf6 1/2-1/2

[Event "12sen.WM-H Naumburg"]
[Site "Naumburg/Saale(20.10.-03.11.)"]
[Date "2002.10.23"]
[Round "3"]
[White "Zotin, Vladimir"]
[Black "Schwichtenberg, Juergen"]
[Result "1-0"]
[WhiteElo "2058"]
[BlackElo "1633"]
[PlyCount "76"]
[EventDate "2002.11.??"]

1. Nf3 d5 2. b3 Bg4 3. Ne5 Bh5 4. Bb2 e6 5. h4 f6 6. g4 Bd6 7. gxh5 fxe5 8. e3
Nf6 9. Nc3 c6 10. Qe2 Nbd7 11. O-O-O Qe7 12. Bh3 O-O-O 13. d4 Kb8 14. e4 exd4
15. Rxd4 c5 16. Rdd1 d4 17. Nb5 Bf4+ 18. Kb1 a6 19. Na3 b5 20. c3 e5 21. Nc2
Ka7 22. cxd4 exd4 23. Bf5 Ne5 24. Ne1 g6 25. hxg6 hxg6 26. Bh3 Nc6 27. Nd3 Bd6
28. Bg2 Nd5 29. e5 Ndb4 30. Nxb4 Nxb4 31. Qe4 Bxe5 32. a3 Nd5 33. Rhe1 Rhe8 34.
Qxg6 Nf4 35. Qc6 Nxg2 36. Qxg2 Qxh4 37. Qc6 Qh7+ 38. Ka1 Qe7 1-0

[Event "12sen.WM-H Naumburg"]
[Site "Naumburg/Saale(20.10.-03.11.)"]
[Date "2002.10.23"]
[Round "3"]
[White "Zunker, Reinhard_Dr"]
[Black "Lardot, Derik"]
[Result "1/2-1/2"]
[WhiteElo "2203"]
[BlackElo "1916"]
[PlyCount "50"]
[EventDate "2002.11.??"]

1. e4 e5 2. Nf3 Nc6 3. Bb5 f5 4. Nc3 fxe4 5. Nxe4 Nf6 6. Nxf6+ Qxf6 7. Qe2 Be7
8. Bxc6 dxc6 9. Nxe5 O-O 10. O-O Bd6 11. d4 c5 12. Be3 Bxe5 13. dxe5 Qxe5 14.
Qc4+ Be6 15. Qxc5 Qxc5 16. Bxc5 Rf5 17. Be3 Rd8 18. a4 a6 19. Rfe1 Kf7 20. f3
Rfd5 21. Kf2 h5 22. h4 Bf5 23. c3 Bc2 24. a5 Bb3 25. Bg5 R8d7 1/2-1/2

[Event "12sen.WM-H Naumburg"]
[Site "Naumburg/Saale(20.10.-03.11.)"]
[Date "2002.10.24"]
[Round "4"]
[White "Assmann, Hans"]
[Black "Suchsland, Helmut_Dr"]
[Result "0-1"]
[WhiteElo "1575"]
[BlackElo "1786"]
[PlyCount "66"]
[EventDate "2002.11.??"]

1. b3 d5 2. Nf3 Bg4 3. h3 Bh5 4. g4 Bg6 5. Nh4 Be4 6. f3 e5 7. Ng2 Bg6 8. d3 h5
9. Qd2 hxg4 10. fxg4 Be7 11. e3 Nc6 12. Qf2 Nh6 13. Be2 Qd6 14. Ba3 Qe6 15.
Bxe7 Qxe7 16. O-O O-O-O 17. c4 Nb4 18. Nc3 d4 19. Nd5 Nxd5 20. cxd5 Rxd5 21.
exd4 Rxd4 22. Rac1 Kb8 23. Rfe1 f5 24. Bf1 Qd6 25. g5 Nf7 26. h4 f4 27. Be2
Bxd3 28. Bg4 Be4 29. Red1 c5 30. Ne1 Bc6 31. Nc2 Qd5 32. Bf3 Rxd1+ 33. Rxd1
Qxf3 0-1

[Event "12sen.WM-H Naumburg"]
[Site "Naumburg/Saale(20.10.-03.11.)"]
[Date "2002.10.24"]
[Round "4"]
[White "Bachmann, Karlheinz"]
[Black "Mayers, Dan_E"]
[Result "1-0"]
[WhiteElo "2108"]
[BlackElo "2079"]
[PlyCount "113"]
[EventDate "2002.11.??"]

1. c4 e5 2. g3 g6 3. Bg2 Bg7 4. Nc3 Ne7 5. Nf3 c5 6. O-O O-O 7. Ne1 Nbc6 8. Nc2
d6 9. Rb1 Bf5 10. d3 Rb8 11. Ne3 Bd7 12. Ned5 Nxd5 13. Nxd5 Ne7 14. b4 Nxd5 15.
Bxd5 Bc6 16. Bxc6 bxc6 17. Bd2 cxb4 18. Bxb4 c5 19. Bc3 Rxb1 20. Qxb1 Qc7 21.
Qc2 Rb8 22. Rb1 Rxb1+ 23. Qxb1 Qb6 24. Qb5 Qc7 25. Qe8+ Bf8 26. Bd2 Qe7 27. Qa8
Kg7 28. Qc6 Qd8 29. a4 f6 30. a5 Kf7 31. Qb7+ Qe7 32. a6 Ke8 33. Ba5 d5 34.
Qa8+ Kf7 35. Qxd5+ Ke8 36. Qa8+ Kf7 37. Qb7 Qxb7 38. axb7 Bd6 39. Bd2 Ke7 40.
Be3 Kd7 41. Bxc5 Bb8 42. e3 Kc6 43. d4 exd4 44. exd4 Kxb7 45. Kf1 a5 46. Ke2 f5
47. d5 f4 48. Kd3 fxg3 49. fxg3 Be5 50. Bd4 Bc7 51. c5 Bd8 52. Kc4 Bg5 53. Kb5
Bd2 54. c6+ Kc8 55. d6 Bg5 56. d7+ Kb8 57. Bb6 1-0

[Event "12sen.WM-H Naumburg"]
[Site "Naumburg/Saale(20.10.-03.11.)"]
[Date "2002.10.24"]
[Round "4"]
[White "Badestein, Hartmut"]
[Black "Vogel, Alfred[37Soemm]"]
[Result "1/2-1/2"]
[WhiteElo "2122"]
[BlackElo "1916"]
[PlyCount "50"]
[EventDate "2002.11.??"]

1. e4 e6 2. d3 d5 3. Nd2 Nf6 4. Ngf3 Be7 5. g3 c6 6. Bg2 Qc7 7. Qe2 dxe4 8.
dxe4 e5 9. O-O Bg4 10. h3 Bh5 11. Re1 Nbd7 12. a4 O-O 13. Qc4 a5 14. Nh4 Qb6
15. Nf1 Qb4 16. Qxb4 Bxb4 17. c3 Bc5 18. Be3 Bxe3 19. Nxe3 Nb6 20. b3 Rfd8 21.
g4 Bg6 22. Nxg6 hxg6 23. Rad1 Kf8 24. f3 Nfd7 25. Bf1 Nc5 1/2-1/2

[Event "12sen.WM-H Naumburg"]
[Site "Naumburg/Saale(20.10.-03.11.)"]
[Date "2002.10.24"]
[Round "4"]
[White "Barnstedt, Dietrich"]
[Black "Semasev, Kim"]
[Result "0-1"]
[WhiteElo "2035"]
[BlackElo "2274"]
[PlyCount "57"]
[EventDate "2002.11.??"]

1. d4 Nf6 2. Nf3 c5 3. e3 g6 4. c3 Bg7 5. Nbd2 b6 6. Bd3 O-O 7. O-O Bb7 8. Qe2
d5 9. Ne5 Nfd7 10. f4 f5 11. g4 Nxe5 12. fxe5 e6 13. gxf5 gxf5 14. Nf3 Nd7 15.
Bd2 Kh8 16. Kh1 Bh6 17. Rg1 Rg8 18. Rxg8+ Qxg8 19. Rg1 Qf7 20. dxc5 Rg8 21.
Rxg8+ Kxg8 22. Qg2+ Bg7 23. Ng5 Qe7 24. Be2 Nf8 25. Be1 Bc6 26. c4 dxc4 27.
Qxc6 Qxg5 28. Bf2 bxc5 29. Bxc4 0-1

[Event "12sen.WM-H Naumburg"]
[Site "Naumburg/Saale(20.10.-03.11.)"]
[Date "2002.10.24"]
[Round "4"]
[White "Baumgartner, Heinz"]
[Black "Shlakman, Itzhak"]
[Result "1-0"]
[WhiteElo "2340"]
[BlackElo "2127"]
[PlyCount "79"]
[EventDate "2002.11.??"]

1. Nf3 Nf6 2. g3 g6 3. Bg2 Bg7 4. O-O O-O 5. c4 c6 6. d4 d5 7. cxd5 cxd5 8. Nc3
Nc6 9. Ne5 Nxe5 10. dxe5 Ng4 11. Nxd5 e6 12. Nc3 Qxd1 13. Rxd1 Nxe5 14. Rb1 Nc6
15. Be3 e5 16. Bc5 Re8 17. Nd5 Bf5 18. e4 Be6 19. Nc7 Bxa2 20. Ra1 Bb3 21. Rd3
Be6 22. Nxe8 Rxe8 23. Bxa7 Nd4 24. Bxd4 exd4 25. Rda3 Kf8 26. Bf1 Bd7 27. Ra8
Rxa8 28. Rxa8+ Ke7 29. b4 Kd6 30. f4 Ke7 31. Rb8 Bc6 32. Bd3 g5 33. Kf2 gxf4
34. gxf4 Bh6 35. Kg3 f5 36. e5 Be4 37. Bxe4 fxe4 38. Rxb7+ Ke8 39. Rxh7 Bf8 40.
Rh8 1-0

[Event "12sen.WM-H Naumburg"]
[Site "Naumburg/Saale(20.10.-03.11.)"]
[Date "2002.10.24"]
[Round "4"]
[White "Bergmann, Hans_Dieter"]
[Black "Till, Heinz"]
[Result "1-0"]
[WhiteElo "1496"]
[BlackElo "1389"]
[PlyCount "39"]
[EventDate "2002.11.??"]

1. e4 e5 2. f4 exf4 3. Nf3 Bd6 4. d4 Bb4+ 5. c3 Ba5 6. Bxf4 Ne7 7. Bc4 c6 8.
O-O h6 9. Bd6 Ng6 10. Bxf7+ Kxf7 11. Ne5+ Ke6 12. Qb3+ Kxd6 13. Nf7+ Kc7 14.
Nxd8 Kxd8 15. Qf7 Ne7 16. Qxg7 Re8 17. Nd2 Na6 18. Nc4 b6 19. b4 d5 20. Ne5 1-0

[Event "12sen.WM-H Naumburg"]
[Site "Naumburg/Saale(20.10.-03.11.)"]
[Date "2002.10.24"]
[Round "4"]
[White "Bernhoeft, Erhard"]
[Black "Neese, Hans_Joachim"]
[Result "1/2-1/2"]
[WhiteElo "1988"]
[BlackElo "2247"]
[PlyCount "37"]
[EventDate "2002.11.??"]

1. Nf3 d5 2. c4 e6 3. g3 Nf6 4. Bg2 Be7 5. O-O O-O 6. d4 Nbd7 7. Qc2 c6 8. b3
b6 9. Nbd2 Bb7 10. Bb2 Rc8 11. Rfc1 c5 12. Qd1 cxd4 13. Nxd4 Nc5 14. Rc2 Qd7
15. N4f3 Rfd8 16. Ne5 Qe8 17. Rac1 Nfe4 18. cxd5 exd5 19. Bh3 1/2-1/2

[Event "12sen.WM-H Naumburg"]
[Site "Naumburg/Saale(20.10.-03.11.)"]
[Date "2002.10.24"]
[Round "4"]
[White "Boeven, Manfred"]
[Black "Schneiderheinze, Roland"]
[Result "1-0"]
[WhiteElo "2154"]
[BlackElo "1754"]
[PlyCount "89"]
[EventDate "2002.11.??"]

1. d4 e6 2. Nc3 d5 3. Nf3 Nf6 4. Bg5 Be7 5. e3 c6 6. Bd3 Nbd7 7. O-O c5 8. Ne5
c4 9. Be2 Nxe5 10. dxe5 Nd7 11. Bxe7 Qxe7 12. f4 Qc5 13. Qd4 a6 14. a4 Rb8 15.
f5 Qxd4 16. exd4 b5 17. axb5 axb5 18. fxe6 fxe6 19. Bh5+ g6 20. Bg4 Ke7 21. Ra7
b4 22. Nxd5+ exd5 23. e6 Rb7 24. exd7 Rxa7 25. dxc8=Q Rxc8 26. Bxc8 Ra2 27. Rb1
c3 28. bxc3 Rxc2 29. cxb4 Rxc8 30. b5 Kd7 31. b6 Rb8 32. Kf2 Kc6 33. Kg3 Rxb6
34. Rxb6+ Kxb6 35. Kf4 Kb5 36. h4 h6 37. Ke5 Kc4 38. g4 h5 39. g5 Kd3 40. Kxd5
Ke3 41. Ke5 Kf3 42. d5 Kg4 43. d6 Kxh4 44. Kf4 Kh3 45. d7 1-0

[Event "12sen.WM-H Naumburg"]
[Site "Naumburg/Saale(20.10.-03.11.)"]
[Date "2002.10.24"]
[Round "4"]
[White "Braun, Gottfried_Dr"]
[Black "Schwertel, Johann"]
[Result "1-0"]
[WhiteElo "2243"]
[BlackElo "2061"]
[PlyCount "127"]
[EventDate "2002.11.??"]

1. e4 c5 2. c3 e6 3. Nf3 Nc6 4. d4 cxd4 5. cxd4 Nf6 6. Nc3 d5 7. exd5 Nxd5 8.
Bd3 Be7 9. O-O O-O 10. Re1 Bf6 11. Be4 Nde7 12. Be3 Nd5 13. Rc1 Qa5 14. Qb3 Rd8
15. Red1 Nce7 16. Bb1 Nxe3 17. fxe3 Nd5 18. Ne4 Be7 19. Ne5 Bd7 20. Nc5 Bxc5
21. Rxc5 Qa4 22. Qd3 g6 23. Rf1 Be8 24. Qd2 Rdc8 25. Rxc8 Rxc8 26. Qf2 f5 27.
e4 Nf6 28. exf5 exf5 29. a3 Rd8 30. Ba2+ Kg7 31. Rc1 Bc6 32. Nxc6 bxc6 33. Bc4
Ne4 34. Qf4 Qa5 35. Rd1 Re8 36. h3 Qb6 37. b4 Qd8 38. Qc1 Qh4 39. Qb2 Kh6 40.
d5 cxd5 41. Bxd5 Qf4 42. Qc1 Kg5 43. Bxe4 Rxe4 44. Qxf4+ Kxf4 45. Kf2 Re7 46.
g3+ Ke5 47. Re1+ Kd6 48. Rxe7 Kxe7 49. Ke3 g5 50. Kd4 Kd6 51. a4 a6 52. b5 axb5
53. axb5 h6 54. b6 Kc6 55. Ke5 f4 56. gxf4 gxf4 57. Kxf4 Kxb6 58. Kf5 Kc7 59.
Kg6 h5 60. Kxh5 Kd6 61. Kg6 Ke7 62. Kg7 Ke6 63. h4 Kf5 64. h5 1-0

[Event "12sen.WM-H Naumburg"]
[Site "Naumburg/Saale(20.10.-03.11.)"]
[Date "2002.10.24"]
[Round "4"]
[White "Braune, Herbert"]
[Black "De_Mol, Fer"]
[Result "1/2-1/2"]
[WhiteElo "1556"]
[BlackElo "1313"]
[PlyCount "55"]
[EventDate "2002.11.??"]

1. e4 c5 2. Nf3 d6 3. d4 cxd4 4. Nxd4 Bd7 5. Nc3 Nf6 6. Be2 a6 7. O-O e6 8. Be3
Nc6 9. Qd2 Rc8 10. Rad1 b5 11. a3 Be7 12. f4 Qc7 13. Nxc6 Bxc6 14. Bf3 O-O 15.
Qf2 Rfd8 16. Bb6 Qb7 17. Bxd8 Rxd8 18. e5 dxe5 19. Rxd8+ Bxd8 20. Bxc6 Qxc6 21.
Qd2 Bb6+ 22. Kh1 e4 23. Qe2 e3 24. Qf3 Qc8 25. Rd1 g6 26. g4 Qc5 27. Ne4 Nxe4
28. Qxe4 1/2-1/2

[Event "12sen.WM-H Naumburg"]
[Site "Naumburg/Saale(20.10.-03.11.)"]
[Date "2002.10.24"]
[Round "4"]
[White "Breustedt, Werner"]
[Black "Zurel, Maxim"]
[Result "1-0"]
[WhiteElo "2264"]
[BlackElo "1777"]
[PlyCount "115"]
[EventDate "2002.11.??"]

1. d4 Nf6 2. Bg5 h6 3. Bf4 e6 4. Nd2 Bd6 5. Bxd6 cxd6 6. c3 d5 7. e3 Nc6 8. Bd3
d6 9. Ne2 e5 10. Ng3 e4 11. Be2 Ne7 12. O-O O-O 13. b3 Nf5 14. Nxf5 Bxf5 15. c4
Rc8 16. Rc1 Qd7 17. Rc2 Rc7 18. Qb1 Rfc8 19. Rfc1 Qc6 20. Bd1 Qd7 21. Qb2 b5
22. cxb5 Rxc2 23. Rxc2 Rxc2 24. Qxc2 Qxb5 25. h3 Qd7 26. Be2 Ne8 27. b4 Qc7 28.
Qb2 Bd7 29. Nb1 Qb6 30. Nc3 Nc7 31. a4 a5 32. b5 Be6 33. Na2 Kf8 34. Qc3 Na8
35. Nc1 Qd8 36. Nb3 Nb6 37. Qxa5 Qc7 38. Nd2 Qc1+ 39. Kh2 Qc7 40. Nb1 Qb8 41.
Nc3 f5 42. Qb4 Kf7 43. a5 Nc4 44. Bxc4 dxc4 45. d5 Bd7 46. Qxc4 Qa7 47. Qb4 Qc5
48. Qxc5 dxc5 49. g4 Ke7 50. a6 Bc8 51. gxf5 Kd6 52. f3 exf3 53. Kg3 Kc7 54. e4
Kb6 55. Kxf3 Ka5 56. d6 Kb4 57. Nd5+ Kxb5 58. a7 1-0

[Event "12sen.WM-H Naumburg"]
[Site "Naumburg/Saale(20.10.-03.11.)"]
[Date "2002.10.24"]
[Round "4"]
[White "Broberg, Horst"]
[Black "Fassmann, Ewald"]
[Result "1/2-1/2"]
[WhiteElo "2157"]
[BlackElo "1771"]
[PlyCount "57"]
[EventDate "2002.11.??"]

1. e4 e5 2. Nf3 Nc6 3. Bb5 a6 4. Ba4 Be7 5. O-O b5 6. Bb3 Nf6 7. Re1 O-O 8. Nc3
d6 9. Nd5 Na5 10. h3 Bb7 11. Nxe7+ Qxe7 12. d3 Nxb3 13. axb3 c5 14. Nh4 g6 15.
Bg5 Qe6 16. Qf3 Nh5 17. g4 Ng7 18. Qg3 f6 19. Bh6 Rf7 20. Bxg7 Rxg7 21. Kh2 Rf8
22. Ng2 f5 23. f4 fxe4 24. dxe4 exf4 25. Nxf4 Qe5 26. Nd3 Qxg3+ 27. Kxg3 Rgf7
28. Re3 g5 29. Rae1 1/2-1/2